000 00545nam a2200181 i 4500
001 142455
003 ES-MaACL
005 20230906200527.0
007 t|
008 071005s1916 xxk |||| | spa d
100 1 _aWister, Owen.
_9117158
245 1 3 _aEl Pentecostés de la catástrofe /
_cOwen Wister ; versión castellana de Enrique Pérez.
260 _aLondres :
_bJas. Truscott,
_c1916.
300 _a36 p. ;
_c25 cm.
650 0 4 _aGuerra mundial, 1914-1918.
_913212
852 _aES-MaACL
_j1507-F-16
852 _aES-MaACL
_j1574-F-10
999 _c142455
_d142455